1064 1371 1090 1057 1174 1906 1275 1371 1492 1107 1369 1096 1554 1903 1612 1257 1544 1747 1181 1534 1087 1584 1261 1254 1233 1221 1062 1460 1221 1104 1972 1509 1990 1151 1060 1527 1124 1510 1066 1138 1126 1903 1677 1805 1725 1732 1270 1212 1497 1430 1049 1705 1068 1560 1978 1434 1057 1293 1699 1633 1006 1119 1605 1536 1696 1659 1924 1920 1577 1127 1177 1660 1899 1970 1050 1021 1967 1334 1474 1673 1836 1915 1695 1752 1313 1828 1441 1725 1440 1938 1296 1548 1100 1834 1751 1744 1839 1346 1493 BCNSPRNW ULIB Ver.6.0+V

เปลี่ยนเป็นภาษาไทย

Change to English
 แสดงรายละเอียดบรรณานุกรม
  กลับหน้าหลัก

Brief Record : Get Marc (ISO 2709) : E-mail record : QR code < ปิดหน้าต่าง
LEADER : 00000nam 2200000uu 4500
001    13399113257
003     ULIB
008    111004s2549||||th 000 0 tha d
020    9742987866
020    9789742987862
050  4 QK85.3.T5^bว694ต 2549
100 0  วิริยะ สิริสิงห์
245 10 ต้นไม้ในบ้าน ไม้มงคล/^cวิริยะ สิริสิงห์
250    พิมพ์ครั้งที่ 1
260    กรุงเทพฯ :^bชมรมเด็ก,^c2549
300    200 หน้า :^bภาพประกอบสี
650  7 ต้นไม้มงคล
945    ^p250^l0^i026106
945    ^p250^l0^i026107
995    ทศพร
999 ^a ทศพร
รายการนี้ยังไม่มีแท็ก
คุณยังไม่ได้ล็อกอิน คุณสามารถมีกิจกรรมร่วมกับเว็บไซต์ได้ แต่ต้องล็อกอินก่อน ::
  ล็อกอิน

รายการสื่อสารสนเทศ

ลำดับที่ ประเภท เลขเรียก/บาร์โค้ด สถานที่ สถานะ
- ไม่พบข้อมูล -

BibComment


ยังไม่เคยถูกคอมเมนท์

คอมเมนท์ทรัพยากรรายการนี้
  คอมเมนท์: ต้นไม้ในบ้าน ไม้ม..


 Copyright 2026. Bcnsprnw @Library